Statistics for Chinese cities by picture

Click here to take the quiz!

General Stats

  • This quiz has been taken 11 times
  • The average score is 14 of 24

Answer Stats

Answer% Correct
Beijing
100%
Shanghai
100%
Xi'an
100%
Chengdu
88%
Guangzhou
88%
Hong Kong
88%
Wuhan
88%
Hangzhou
75%
Harbin
75%
Lhasa
75%
Macau
75%
Ürümqi
75%
Chongqing
63%
Kunming
63%
Dalian
50%
Taipei
50%
Sanya
38%
Xining
25%
Guiyang
13%
Haikou
13%
Kaohsiung
13%
Leshan
13%
Lijiang
13%
Dunhuang
0%

Score Distribution

Percentile by Number Answered

Percent of People with Each Score

Your Score History

You have not taken this quiz